Statistics for The New 7 Wonders Of The World

Click here to take the quiz!

General Stats

  • This quiz has been taken 15 times
    (6 since last reset)
  • The average score is 6 of 7

Answer Stats

HintAnswer% Correct
Statue of Religious FigureChrist The Redeemer
100%
An AmpitheaterColosseum
100%
Great ____ Of ChinaGreat Wall Of China
100%
Cuzco, PeruMachu Picchu
100%
Agra, IndiaTaj Mahal
100%
_______ ItzaChichen Itza
75%
Building Cut From RockPetra
50%

Score Distribution

Percentile by Number Answered

Percent of People with Each Score

Your Score History

You have not taken this quiz since the last reset